Communities, regions, provinces and language areas of Belgium - Statistics

General Stats
  • This quiz has been taken 21 times
  • The average score is 14 of 20
Answer Stats
Answer % Correct
Brussels-Capital
100%
Dutch
100%
French
100%
French
100%
German
100%
German-speaking
100%
Antwerp
75%
Flemish
75%
Flemish
75%
Liège/Lüttich
69%
Flemish Brabant
63%
Luxembourg
63%
Namur
63%
Walloon
63%
East Flanders
56%
Hainaut
56%
Walloon Brabant
56%
West Flanders
56%
Limburg
50%
Bilingual Brussels-Capital area
19%
No matching quizzes found
Score Distribution
Percent of People with Each Score
Percentile by Number Answered
Your Score History
You have not taken this quiz